[Event "Veteranos Aragón. Máster 50"]
[Site "?"]
[Date "2019.??.??"]
[Round "?"]
[White "MERIN, Miguel Ángel"]
[Black "TORCAL, Alfonso"]
[Result "1-0"]
[WhiteElo "1700"]
[BlackElo "1761"]
[PlyCount "67"]
[EventDate "2019.04.28"]

1. d4 d5 2. c4 dxc4 3. Nf3 Nf6 4. e3 e6 5. Bxc4 c5 6. O-O a6 7. Re1 b5 8. Be2
Nbd7 9. Nbd2 Bb7 10. b3 Be7 11. Bb2 O-O 12. Rc1 Rc8 13. Bd3 Nb6 14. Qe2 Nbd5
15. h3 Rc7 16. Ne5 Qb8 17. Nef3 Rfc8 18. Ng5 h6 19. Nge4 cxd4 20. Rxc7 Rxc7 21.
Bxd4 Qc8 22. Bb2 Nxe4 23. Nxe4 Nb4 24. Bb1 Nc2 25. Qg4 Bf8 26. Nd6 Qa8 27. Rc1
f5 28. Qg6 Bxd6 29. Rxc2 Re7 30. Rd2 Qb8 31. Bf6 Rf7 32. Bh4 Qc8 33. Rd1 Be5 $4
34. Rd8+ 1-0

[Event "Veteranos Aragón. Máster 50"]
[Site "?"]
[Date "2019.??.??"]
[Round "?"]
[White "FERNÁNDEZ, Pedro José"]
[Black "GARCÍA, Miguel Ángel"]
[Result "1-0"]
[WhiteElo "1502"]
[BlackElo "1702"]
[PlyCount "71"]
[EventDate "2019.04.28"]

1. e4 e5 2. Bc4 Nf6 3. d3 Be7 4. Nf3 Nc6 5. Bb5 d6 6. h3 Bd7 7. c3 a6 8. Ba4
O-O 9. O-O b5 10. Bc2 d5 11. exd5 Nxd5 12. Re1 Bf6 13. Nbd2 Re8 14. Ne4 Bf5 15.
Nh2 Nf4 16. Qf3 Bxe4 17. Qxe4 Qd5 18. Bxf4 Qxe4 19. Rxe4 exf4 20. Rae1 Rxe4 21.
Rxe4 g5 22. d4 h5 23. h4 Kg7 24. hxg5 Bxg5 25. Nf3 Bh6 26. d5 Na5 27. Re7 Rc8
28. Bf5 Kf6 29. Rxf7+ Kxf7 30. Bxc8 Nc4 31. Bxa6 Nxb2 32. Bxb5 Nd1 33. c4 Ke7
34. a4 Kd6 35. a5 Kc5 36. Ne5 1-0

[Event "Veteranos Aragón. Máster 50"]
[Site "?"]
[Date "2019.??.??"]
[Round "?"]
[White "RODRÍGUEZ, Jorge"]
[Black "REGUERA, Moisés"]
[Result "1-0"]
[WhiteElo "1725"]
[BlackElo "1521"]
[PlyCount "49"]
[EventDate "2019.04.28"]

1. d4 Nf6 2. c4 g6 3. Nc3 d5 4. Nf3 Bg7 5. e3 O-O 6. Bd3 Bg4 7. Qb3 Bxf3 8.
gxf3 dxc4 9. Bxc4 b6 10. Bd2 Nbd7 11. O-O-O e6 12. e4 c5 13. d5 exd5 14. Nxd5
Ne5 15. Bg5 Nxc4 16. Qxc4 Rb8 17. h4 b5 18. Qe2 Qa5 19. Nxf6+ Bxf6 20. Bxf6
Qxa2 21. Qe3 Qe6 $4 22. e5 Qa2 23. Qh6 Qa1+ 24. Kc2 Qa4+ 25. Kb1 1-0

[Event "Veteranos Aragón. Máster 50"]
[Site "?"]
[Date "2019.??.??"]
[Round "?"]
[White "FRANCO, Carlos"]
[Black "SANTOS, Higinio"]
[Result "0-1"]
[WhiteElo "1978"]
[BlackElo "1392"]
[PlyCount "68"]
[EventDate "2019.04.28"]

1. d4 d5 2. c4 e6 3. Nf3 Nf6 4. g3 Be7 5. Bg2 O-O 6. O-O c5 7. cxd5 exd5 8. Nc3
Nc6 9. Bg5 cxd4 10. Nxd4 Nxd4 11. Qxd4 Be6 12. Rac1 Qd7 13. Rfd1 Rfd8 14. Na4
Qb5 15. Bf1 Qd7 16. Nc5 Bxc5 17. Rxc5 Ne4 18. Bxd8 Nxc5 19. Bg5 Ne4 20. Be3 h6
21. Qb4 a5 22. Qb6 Ra6 23. Qd4 Rc6 24. Bg2 Rc4 $4 25. Qe5 Qc8 26. b3 Rc2 27.
Bxe4 dxe4 28. Qxa5 Kh7 29. Qe5 Rxe2 30. Qxe4+ Bf5 31. Qe5 Qc2 32. Rc1 $4 Qd3
33. b4 Be4 34. a4 $4 Rxe3 0-1

[Event "Veteranos Aragón. Máster 50"]
[Site "?"]
[Date "2019.??.??"]
[Round "?"]
[White "ÁLVARO, Gonzalo"]
[Black "CASTERÁ, Rafael"]
[Result "0-1"]
[WhiteElo "1285"]
[BlackElo "1671"]
[PlyCount "96"]
[EventDate "2019.04.28"]

1. c3 Nf6 2. d3 d5 3. Qc2 Bf5 4. Bg5 Nbd7 5. Nd2 h6 6. Bh4 e6 7. Ngf3 Be7 8. h3
a6 9. g4 Bh7 10. Bg2 c6 11. O-O O-O 12. a4 Ne8 13. Bxe7 Qxe7 14. a5 f5 15. Nh2
fxg4 16. Nxg4 Nef6 17. f3 Nh5 18. Rf2 Qh4 19. Nf1 Nf4 20. e4 h5 21. Nge3 Ne5
22. d4 dxe4 23. dxe5 exf3 24. Qc1 Nd3 25. Qd2 Nxf2 26. Qxf2 Qxf2+ 27. Kxf2
fxg2+ 28. Kxg2 Rf7 29. b4 Raf8 30. Ra2 Be4+ 31. Kg1 Rf3 32. h4 Bd3 33. Ra1 Bxf1
34. Nxf1 Rxc3 35. Rd1 Rb3 36. Rd4 Rb1 37. Rd6 Rbxf1+ 38. Kg2 R1f4 39. Rxe6 Rxb4
40. Re7 Rg4+ 41. Kh3 Rb4 42. e6 Rb5 43. Rd7 Re8 44. e7 Kf7 45. Rc7 Rxe7 46. Rc8
Rd7 47. Rh8 Rd3+ 48. Kg2 Rb2+ 0-1

[Event "Veteranos Aragón. Máster 50"]
[Site "?"]
[Date "2019.??.??"]
[Round "?"]
[White "GONZÁLEZ, Arturo"]
[Black "ALVIRA, José Antonio"]
[Result "1-0"]
[WhiteElo "1641"]
[BlackElo "1240"]
[PlyCount "107"]
[EventDate "2019.04.28"]

1. d4 e6 2. Bf4 d5 3. Nf3 Nf6 4. e3 Nbd7 5. Be2 c5 6. c3 cxd4 7. exd4 Be7 8. h3
Ne4 9. O-O Bg5 10. Nxg5 Nxg5 11. Nd2 O-O 12. Re1 a6 13. Bd3 h6 14. Bc2 Nf6 15.
Nf3 Nge4 16. Ne5 Bd7 17. f3 Nd6 18. a4 Nf5 19. Qd3 Nh5 20. Bh2 Nf6 21. g4 Nh4
22. Bg3 g5 23. Qe3 b5 24. Bxh4 Kg7 25. Bg3 Ng8 26. Nxd7 Qxd7 27. Qd3 f5 28.
Be5+ Kf7 29. Re2 Ne7 30. f4 gxf4 31. Bxf4 h5 32. g5 Ng6 33. Be5 Nxe5 34. Rxe5
h4 35. Qf3 Rg8 36. Qh5+ Rg6 37. Qxh4 Rag8 38. Qh5 Ke7 39. h4 Qe8 40. Bxf5 Rxg5+
41. Qxg5+ Rxg5+ 42. hxg5 bxa4 $4 43. Rxe6+ Kd8 44. Rxe8+ Kxe8 45. Rxa4 Ke7 46.
Rxa6 Kf8 47. Rf6+ Kg7 48. b4 Kh8 49. b5 Kg7 50. b6 Kh8 51. b7 Kg7 52. Bb1 Kh8
53. b8=Q+ Kg7 54. Qf8# 1-0

[Event "Veteranos Aragón. Máster 50"]
[Site "?"]
[Date "2019.??.??"]
[Round "?"]
[White "CALVO, Juan Alberto"]
[Black "SÁNCHEZ, Ricardo"]
[Result "1-0"]
[WhiteElo "1572"]
[BlackElo "1387"]
[PlyCount "95"]
[EventDate "2019.04.28"]

1. d4 g6 2. Nf3 Bg7 3. c4 d6 4. Nc3 e5 5. dxe5 dxe5 6. Qxd8+ Kxd8 7. Ng5 Ke7 $2
8. Nd5+ Kd7 9. Nxf7 c6 10. Nc3 Na6 11. a3 Ne7 12. Nxh8 Bxh8 13. e4 Nc5 14. Be3
Nb3 15. Rd1+ Kc7 16. Bd3 Be6 17. O-O Bg4 18. f3 Be6 19. Be2 Nd4 20. Bxd4 exd4
21. Na4 b6 22. Bd3 c5 23. b4 Bd7 24. Nb2 Rb8 25. Rb1 Nc6 26. Nd1 Ne5 27. Nf2
Kc6 28. b5+ Kd6 29. f4 Ng4 30. Nxg4 Bxg4 31. h3 Bd7 32. e5+ Ke6 33. Rbe1 Ke7
34. g4 Rg8 35. Kf2 Bc8 36. Kf3 Rf8 37. Kg3 Bg7 38. f5 Bh6 39. f6+ Ke6 40. h4
Be3 41. Be4 Kxe5 42. Bd5 Be6 43. Rxe3+ dxe3 44. Bxe6 Kxe6 45. g5 Ke5 46. Rd1
Ke4 47. Rd7 Re8 $4 48. Re7+ 1-0

[Event "Veteranos Aragón. Máster 50"]
[Site "?"]
[Date "2019.??.??"]
[Round "?"]
[White "FERNÁNDEZ, Tomás"]
[Black "GARCÍA, Mauricio"]
[Result "1-0"]
[WhiteElo "1409"]
[BlackElo "1490"]
[PlyCount "65"]
[EventDate "2019.04.28"]

1. d4 Nf6 2. Nf3 d5 3. e3 Bg4 4. Bd3 e6 5. c4 c6 6. O-O Be7 7. Nbd2 O-O 8. Qc2
Bxf3 9. Nxf3 h6 10. b3 Nbd7 11. Ne5 Rc8 12. f4 c5 13. f5 exf5 14. Bxf5 Qc7 15.
Nxd7 Nxd7 16. Bb2 Rcd8 17. cxd5 Nf6 18. e4 Qb6 19. Kh1 cxd4 20. Rad1 Bc5 21. a3
Qa6 $4 22. Qxc5 Rfe8 23. Qxd4 Kh8 24. d6 Qb6 25. Qxb6 axb6 26. e5 Ng8 27. Bg4
Rf8 28. e6 fxe6 29. Rxf8 Rxf8 30. Bxe6 Nf6 31. h3 Ne4 32. Kg1 Nc5 33. Bg4 1-0

[Event "Veteranos Aragón. Máster 50"]
[Site "?"]
[Date "2019.??.??"]
[Round "?"]
[White "CORCUERA, Alfredo"]
[Black "AMORÓS, Manuel"]
[Result "0-1"]
[WhiteElo "1045"]
[BlackElo "1483"]
[PlyCount "110"]
[EventDate "2019.04.28"]

1. e4 c5 2. Bc4 Nc6 3. c3 Nf6 4. d3 d6 5. Bg5 a6 6. Bxf6 exf6 7. Nd2 g6 8. a3
Bg7 9. Bd5 O-O 10. Bxc6 bxc6 11. Ngf3 f5 12. O-O Rb8 13. Rb1 Be6 14. Re1 Rb7
15. d4 fxe4 16. Rxe4 $2 Bf5 17. Qa4 d5 18. Ree1 Bxb1 19. Rxb1 Qb6 20. dxc5 Qb5
21. Qxb5 Rxb5 22. b4 Bxc3 23. Nb3 Rb7 24. Kf1 Re8 25. Na5 Rc7 26. Rd1 h6 27. g4
Re6 28. Rd3 Bf6 29. Nd4 Bxd4 30. Rxd4 f5 31. h4 Re4 32. Nb3 Rxg4 33. Rxg4 fxg4
34. Nd4 Kf7 35. Kg2 Kf6 36. f3 Ke5 37. Nb3 gxf3+ 38. Kxf3 Rf7+ 39. Ke3 g5 40.
hxg5 hxg5 41. Nd4 Rf6 42. a4 g4 43. b5 cxb5 44. axb5 axb5 45. c6 Kd6 46. Kd3 g3
47. c7 Kxc7 48. Nxb5+ Kc6 49. Nd4+ Kc5 50. Ne2 Rf3+ 51. Kd2 Rf2 52. Ke1 Rxe2+
53. Kxe2 Kc4 54. Kf3 Kc3 55. Kxg3 Kc2 0-1

[Event "Veteranos Aragón. Máster 50"]
[Site "?"]
[Date "2019.??.??"]
[Round "?"]
[White "LLANES, Ricardo"]
[Black "GINÉS, Pedro"]
[Result "1-0"]
[WhiteElo "2201"]
[BlackElo "1958"]
[PlyCount "101"]
[EventDate "2019.04.28"]

1. e4 c6 2. d4 d5 3. exd5 cxd5 4. Bd3 Nc6 5. c3 Qc7 6. f4 g6 7. Nf3 Bg4 8. O-O
Bg7 9. Na3 Nf6 10. Qb3 Bf5 11. Bxf5 gxf5 12. Ne5 a6 13. Be3 b5 14. c4 bxc4 15.
Naxc4 Rb8 16. Qa4 dxc4 17. Qxc4 O-O 18. Qxc6 Qxc6 19. Nxc6 Nd5 20. Nxb8 Rxb8
21. Bc1 Bxd4+ 22. Kh1 Nb4 23. a3 Nd3 24. h3 Rc8 25. Rb1 Rc2 26. b4 Nf2+ 27. Kh2
e5 28. Rb3 e4 29. a4 Nd3 30. Ba3 Rc3 31. Rxc3 Bxc3 32. Bc1 Bxb4 33. Be3 h5 34.
g3 Kf8 35. Ra1 Ke7 36. Ra2 Kd7 37. Rc2 Bd6 38. Kg1 Nb4 39. Rc4 Ke6 40. Bd2 Nd3
41. Rc6 Kd5 42. Rxa6 Bc5+ 43. Kf1 e3 44. Bxe3 Bxe3 45. Rh6 Ke4 46. Rxh5 Kf3 47.
Rxf5 Bf2 48. Rxf7 Ne1 49. Rb7 Bxg3 50. Rb3+ Kxf4 51. Rxg3 1-0

[Event "Veteranos Aragón. Máster 50"]
[Site "?"]
[Date "2019.??.??"]
[Round "?"]
[White "JUBERÍAS, Santiago"]
[Black "GARCÍA, Jorge"]
[Result "1-0"]
[WhiteElo "2009"]
[BlackElo "1807"]
[PlyCount "75"]
[EventDate "2019.04.28"]

1. c4 Nf6 2. g3 e6 3. Bg2 d5 4. Nf3 c5 5. O-O Nc6 6. b3 Be7 7. d3 O-O 8. Nc3 d4
9. Ne4 Nxe4 10. dxe4 e5 11. Ne1 f5 12. Nd3 Qc7 13. Bd2 f4 14. a3 fxg3 15. hxg3
Be6 16. f4 g6 17. Qc2 Bf6 18. Nxc5 Qb6 19. Nd3 exf4 20. gxf4 Rac8 21. b4 Be7
22. c5 Qd8 23. Be1 b6 24. b5 Na5 25. Bxa5 bxa5 26. a4 Qc7 27. Rac1 Rf6 28. Qb2
Bg4 29. e5 Rff8 30. b6 axb6 31. cxb6 Qd7 32. Rxc8 Rxc8 33. b7 Rb8 34. Qc2 Bh3
35. Rc1 Bxg2 $4 36. Qc8+ Qe8 37. Qxe8+ Rxe8 38. Kxg2 1-0

[Event "Veteranos Aragón. Máster 50"]
[Site "?"]
[Date "2019.??.??"]
[Round "?"]
[White "ANTOÑANO, Avelino"]
[Black "ASÍN, Pedro José"]
[Result "1-0"]
[WhiteElo "2133"]
[BlackElo "1735"]
[PlyCount "97"]
[EventDate "2019.04.28"]

1. e4 e5 2. Nf3 Nc6 3. d4 exd4 4. Bc4 Nf6 5. e5 d5 6. Bb5 Ne4 7. Nxd4 Bd7 8.
Bxc6 bxc6 9. O-O Bc5 10. f3 Ng5 11. f4 Ne4 12. Be3 Bb6 13. Nc3 Nxc3 14. bxc3
O-O 15. Qd2 Bxd4 16. Bxd4 Bf5 17. Qf2 Re8 18. h3 a6 19. g4 Be4 20. f5 c5 21.
Bxc5 Rxe5 22. Bd4 Re8 23. f6 c5 24. fxg7 f5 25. Bxc5 Kxg7 26. Bd4+ Kg8 27. gxf5
Kf7 28. Qf4 Rg8+ 29. Kf2 Rg2+ 30. Ke3 Qg5 31. Qxg5 Rxg5 32. Rab1 Rxf5 33. Rb7+
Ke6 34. Rfb1 Rf3+ 35. Ke2 Rxh3 36. Rf1 Rh2+ 37. Kd1 Rh1 38. Rxh1 Bxh1 39. Rxh7
Be4 40. Rh6+ Kf5 41. Rb6 Bf3+ 42. Kc1 Be4 43. a4 Kg4 44. a5 Kg5 45. Kb2 Bf3 46.
Rd6 Be4 47. Kb3 Rb8+ 48. Rb6 Rxb6+ $4 49. axb6 1-0

[Event "Veteranos Aragón. Máster 50"]
[Site "?"]
[Date "2019.??.??"]
[Round "?"]
[White "LEBRÓN, José María"]
[Black "ROCHE, Manuel Ángel"]
[Result "1-0"]
[WhiteElo "1784"]
[BlackElo "2129"]
[PlyCount "77"]
[EventDate "2019.04.28"]

1. e4 c5 2. b3 Nc6 3. Bb2 d6 4. Bb5 Bd7 5. Bxc6 Bxc6 6. Nc3 Nf6 7. d3 g6 8. Nd5
Bg7 9. Nxf6+ exf6 10. c4 O-O 11. Ne2 f5 12. Bxg7 Kxg7 13. f3 Qf6 14. O-O Rae8
15. Qd2 Qe5 16. Ng3 Bd7 17. Rad1 Bc8 18. Qg5 fxe4 19. Qxe5+ dxe5 20. dxe4 Be6
21. Ne2 Rd8 22. Nc3 a6 23. Na4 Rc8 24. Rd6 b5 25. Nb6 bxc4 26. Nxc4 Bxc4 27.
bxc4 a5 28. Rb1 Rfd8 29. Rd5 Rb8 30. Rb5 Rxb5 31. cxb5 Rc8 32. Kf1 c4 33. Ke1
c3 34. Kd1 Rc4 35. Kc2 Kf6 36. a3 Ke6 37. b6 Rc8 38. Rxa5 Rb8 39. Rb5 1-0

[Event "Veteranos Aragón. Máster 50"]
[Site "?"]
[Date "2019.??.??"]
[Round "?"]
[White "NAVARRO, Jesús"]
[Black "SÁNCHEZ, Roberto"]
[Result "0-1"]
[WhiteElo "1695"]
[BlackElo "2037"]
[PlyCount "88"]
[EventDate "2019.04.28"]

1. e4 c5 2. Nf3 Nc6 3. d4 cxd4 4. Nxd4 e5 5. Nb5 a6 6. Nd6+ Bxd6 7. Qxd6 Qf6 8.
Qd1 Qg6 9. Nc3 Nge7 10. h4 h5 11. Bg5 b5 12. a3 Bb7 13. Qd3 Nd4 14. Bxe7 Kxe7
15. O-O-O Rhc8 16. Rd2 a5 17. Nd5+ Bxd5 18. exd5 Qxd3 19. Bxd3 Nb3+ 20. Kd1
Nxd2 21. Kxd2 Rab8 22. Re1 Kd6 23. Be2 g6 24. g4 hxg4 25. Bxg4 Rh8 26. Rh1 f5
27. Be2 Kxd5 28. Ke3 Ke6 29. f4 d5 30. fxe5 Kxe5 31. c3 g5 32. h5 g4 33. Kf2 b4
34. axb4 axb4 35. c4 dxc4 36. Bxc4 Rbc8 37. b3 Kf4 38. h6 Rcd8 39. Rh5 Rd2+ 40.
Ke1 Rd4 41. Bf7 Re4+ 42. Kd1 g3 43. Bg6 g2 44. Rxf5+ Kg4 0-1

[Event "Veteranos Aragón. Máster 50"]
[Site "?"]
[Date "2019.??.??"]
[Round "?"]
[White "DOMINGO, Agustín"]
[Black "FERNÁNDEZ, Pedro José"]
[Result "1-0"]
[WhiteElo "1709"]
[BlackElo "1502"]
[PlyCount "61"]
[EventDate "2019.04.28"]

1. e4 d5 2. exd5 Nf6 3. d6 Qxd6 4. Nf3 Nc6 5. d4 Bg4 6. c3 O-O-O 7. Be2 h6 8.
O-O g5 9. Be3 Nd5 10. Na3 Nxe3 11. fxe3 Qe6 12. Qd2 f6 13. Bd3 Qd7 14. Qc2 Kb8
15. Nd2 Bg7 16. Bb5 a6 17. Ba4 e6 18. b4 b5 19. Bb3 Ne7 20. Qd3 Nd5 21. Bxd5
exd5 22. Nc2 Rhe8 23. a4 Kb7 24. Nb3 Bf8 25. Na5+ Kb8 26. Rxf6 Re6 27. Raf1 Be7
28. Rxe6 Bxe6 29. axb5 Qxb5 $2 30. Qxb5+ axb5 31. Nc6+ 1-0

[Event "Veteranos Aragón. Máster 50"]
[Site "?"]
[Date "2019.??.??"]
[Round "?"]
[White "CELMA, Ramón"]
[Black "OCABO, Pedro Arístides"]
[Result "1/2-1/2"]
[WhiteElo "1587"]
[BlackElo "1775"]
[PlyCount "95"]
[EventDate "2019.04.28"]

1. d4 Nf6 2. c4 g6 3. Nc3 Bg7 4. Nf3 O-O 5. g3 b6 6. Bg2 Bb7 7. O-O d6 8. d5
Ba6 9. Nd2 Nbd7 10. b3 Rb8 11. a4 Nxd5 12. Bxd5 Bxc3 13. Rb1 Bb7 14. Bxb7 Rxb7
15. Ne4 Bg7 16. Qd5 Rb8 17. Bb2 e5 18. Bc1 h6 19. Be3 Kh7 20. f4 f5 21. Nf2 Nf6
22. Qd2 exf4 23. Bxf4 Qe7 24. Qd3 Rbe8 25. Rfe1 Nh5 26. Bd2 Be5 27. e3 Qf6 28.
Re2 Ng7 29. Rf1 Ne6 30. Ng4 Qg7 31. Nxe5 Nc5 32. Qc2 Qxe5 33. Bc3 Qe4 34. Qb2
Qd3 35. Rfe1 Qe4 36. Qa2 Qd3 37. Qb2 Re6 38. Rd2 Qe4 39. Rd4 Qf3 40. Rf4 Qh5
41. Rh4 Qf3 42. Bg7 Rff6 43. Bxh6 Kg8 44. Rf1 Nd3 45. Qc3 Qe2 46. Bg5 Ne5 47.
Bxf6 Rxf6 48. Rf2 1/2-1/2

[Event "Veteranos Aragón. Máster 50"]
[Site "?"]
[Date "2019.??.??"]
[Round "?"]
[White "CASTERÁ, Rafael"]
[Black "RODRÍGUEZ, Jorge"]
[Result "1/2-1/2"]
[WhiteElo "1671"]
[BlackElo "1725"]
[PlyCount "82"]
[EventDate "2019.04.28"]

1. e4 c5 2. Nc3 Nc6 3. Bb5 g6 4. Nf3 Bg7 5. O-O Nf6 6. Re1 O-O 7. Bxc6 dxc6 8.
d3 Bg4 9. h3 Bxf3 10. Qxf3 e5 11. Bg5 Qd6 12. Nd1 Ne8 13. Ne3 b5 14. Rad1 Nc7
15. Ng4 f6 16. Bh6 Bxh6 17. Nxh6+ Kh8 18. h4 Kg7 19. Ng4 Qe6 20. Qg3 Rae8 21.
b3 b4 22. f4 Nb5 23. Rf1 Nd4 24. Rd2 Kh8 25. fxe5 fxe5 26. Rdf2 $2 Rf4 27. Ne3
Ref8 28. Kh1 Rxf2 29. Rxf2 Rxf2 30. Qxf2 Kg7 31. g3 Qf6 32. Kg2 Qxf2+ 33. Kxf2
h5 34. g4 Kf6 35. g5+ Ke6 36. Kg3 Ne2+ 37. Kf2 Nd4 38. Kf1 Nf3 39. Ng2 Nd4 40.
Ne1 Nb5 41. Nf3 Nd4 1/2-1/2

[Event "Veteranos Aragón. Máster 50"]
[Site "?"]
[Date "2019.??.??"]
[Round "?"]
[White "CALVO, Juan Alberto"]
[Black "ÁLVAREZ, Miguel Ángel"]
[Result "0-1"]
[WhiteElo "1572"]
[BlackElo "1817"]
[PlyCount "108"]
[EventDate "2019.04.28"]

1. d4 Nf6 2. c4 e6 3. Nf3 b6 4. Nc3 Bb4 5. Qb3 Bxc3+ 6. bxc3 O-O 7. e3 d6 8.
Be2 c5 9. O-O Qc7 10. Nd2 Bb7 11. f3 Nbd7 12. e4 Rfe8 13. Bd3 e5 14. d5 Nf8 15.
Nb1 Ng6 16. g3 Bc8 17. Re1 Qd8 18. Bf1 Nh5 19. Qc2 Rf8 20. Bd3 Bd7 21. a4 Qc8
22. g4 Nhf4 23. Bxf4 Nxf4 24. Be2 Qd8 25. Bf1 Qg5 26. Qf2 f5 27. h3 fxg4 28.
hxg4 h5 29. Qg3 Rf6 30. Ra2 Rh6 31. a5 Rf8 32. axb6 axb6 33. Ra7 h4 34. Qh2
Bxg4 $1 35. Qf2 Bxf3+ 36. Kh2 Bh5 37. Qg1 Qxg1+ 38. Kxg1 h3 39. Kh2 Bg4 40. Ra2
Bf3 41. Rf2 Bg2 42. Nd2 g5 43. Re3 g4 44. Rg3 Rg6 45. Kg1 Nh5 46. Rxf8+ Kxf8
47. Re3 Bxf1 48. Nxf1 g3 49. Rf3+ Ke7 50. Ne3 Kd7 51. Rf7+ Ke8 52. Rh7 Nf4 53.
Rh4 Ne2+ 54. Kh1 g2+ 0-1

[Event "Veteranos Aragón. Máster 50"]
[Site "?"]
[Date "2019.??.??"]
[Round "?"]
[White "REGUERA, Moisés"]
[Black "SÁNCHEZ, José María"]
[Result "1-0"]
[WhiteElo "1521"]
[BlackElo "1651"]
[PlyCount "87"]
[EventDate "2019.04.28"]

1. d4 Nf6 2. c4 e5 3. dxe5 Ng4 4. Bf4 Nc6 5. Nf3 Bb4+ 6. Nbd2 Qe7 7. e3 Ngxe5
8. Nxe5 Nxe5 9. Be2 g5 10. Bg3 h5 11. O-O h4 12. Bxe5 Qxe5 13. a3 Bd6 14. Nf3
Qf6 15. e4 Bf4 16. Qd4 Qxd4 17. Nxd4 b6 18. Rab1 Bb7 19. Bf3 O-O-O 20. Rfd1
Rhe8 21. g3 hxg3 22. hxg3 Be5 23. Bg2 d6 24. Bh3+ Kb8 25. Bf5 Rh8 26. Kg2 Rh5
27. Nf3 Bf6 28. Rh1 Rdh8 29. Rxh5 Rxh5 30. b4 a6 31. a4 Bc8 32. g4 Rh8 33. c5
dxc5 34. bxc5 Bxf5 35. exf5 Kb7 36. cxb6 cxb6 37. Nd2 Rc8 38. Ne4 Be7 39. f6
Bf8 40. Nxg5 Rc4 41. f3 Rxa4 42. Nxf7 a5 43. g5 Ra2+ 44. Kg3 1-0

[Event "Veteranos Aragón. Máster 50"]
[Site "?"]
[Date "2019.??.??"]
[Round "?"]
[White "FRANCO, Carlos"]
[Black "COLÓN, Antonio"]
[Result "1-0"]
[WhiteElo "1978"]
[BlackElo "1293"]
[PlyCount "71"]
[EventDate "2019.04.28"]

1. d4 e6 2. c4 Nf6 3. Nc3 Bb4 4. Qc2 d5 5. a3 Bxc3+ 6. Qxc3 Nc6 7. e3 O-O 8.
Nf3 Ne4 9. Qc2 Bd7 10. Bd3 f5 11. b4 Be8 12. b5 Ne7 13. O-O Rf6 14. Ne5 Ng6 15.
Bb2 Nxe5 16. dxe5 Rg6 17. cxd5 exd5 18. f3 Ng5 19. Bxf5 Rh6 20. a4 c6 21. bxc6
Rc8 $2 22. Bxc8 Qxc8 23. c7 Rc6 24. Qd2 Qxc7 25. Rac1 Bf7 26. Bd4 a6 27. a5 Ne6
28. Rxc6 bxc6 29. Rc1 Nd8 $2 30. Qb4 Be8 31. f4 Kf7 32. Bb6 Qc8 33. Bxd8 Qxd8
34. Qb7+ Kg6 35. Qxa6 Qc7 36. Qb6 1-0

[Event "Veteranos Aragón. Máster 50"]
[Site "?"]
[Date "2019.??.??"]
[Round "?"]
[White "ALVIRA, José Antonio"]
[Black "FERNÁNDEZ, Tomás"]
[Result "0-1"]
[WhiteElo "1240"]
[BlackElo "1409"]
[PlyCount "88"]
[EventDate "2019.04.28"]

1. e4 e5 2. Nf3 Nf6 3. Nc3 Nc6 4. d4 exd4 5. Nxd4 Bb4 6. Qd3 Qe7 7. Bd2 Bxc3 8.
Bxc3 Qxe4+ 9. Ne2 Qxd3 10. cxd3 d6 11. h3 Bf5 12. Ng1 Kd7 13. Rd1 h5 14. Nf3
Nd5 15. Bxg7 Rh7 16. Bd4 Nxd4 17. Nxd4 Bg6 18. Be2 Nf4 19. Bf3 Nxd3+ 20. Kd2
Nxf2 21. Bxb7 Rb8 22. Bc6+ Ke7 23. Rhe1+ Kf8 24. Rc1 Nd3 25. b3 Nxc1 26. Rxc1
h4 27. Nb5 Rh5 28. Nxc7 Rc5 29. Bf3 $4 Rxc1 30. Kxc1 Rc8 31. Kb2 Rxc7 32. Ka3
Ke7 33. Kb4 Ke6 34. Kb5 d5 35. Ka6 d4 36. a4 d3 37. a5 d2 38. b4 Bd3+ 39. b5
Kd6 40. Bb7 Bxb5+ 41. Kxa7 d1=Q 42. Kb6 Qd4+ 43. Kxb5 Rxb7+ 44. Ka6 Qa7# 0-1

[Event "Veteranos Aragón. Máster 50"]
[Site "?"]
[Date "2019.??.??"]
[Round "?"]
[White "SÁNCHEZ, Ricardo"]
[Black "ÁLVARO, Gonzalo"]
[Result "0-1"]
[WhiteElo "1387"]
[BlackElo "1285"]
[PlyCount "118"]
[EventDate "2019.04.28"]

1. d4 d5 2. c4 dxc4 3. Nf3 Nd7 4. Nc3 c6 5. e4 b5 6. g3 h6 7. Bg2 Bb7 8. O-O e6
9. Qe2 Bb4 10. a4 a5 11. axb5 Bxc3 12. bxc6 Bxc6 13. bxc3 Bb5 14. Ba3 Ne7 15.
Rfe1 O-O 16. Rad1 Re8 17. e5 Nd5 18. Qc2 N7b6 19. Nd2 $2 Ba4 20. Qc1 Bxd1 21.
Rxd1 Rc8 22. Ne4 Na4 23. Nd6 Naxc3 24. Rd2 Rb8 25. Bb2 Rb3 26. Nxe8 Qxe8 27.
Bxd5 Nxd5 28. Qxc4 a4 29. Qc5 Qb8 30. Ba3 Rc3 31. Qd6 $4 Qb3 32. Bb2 Rc2 33.
Rxc2 Qxc2 34. Ba3 Qd1+ 35. Kg2 Qxd4 36. Qf8+ Kh7 37. Bd6 Qe4+ 38. Kh3 Qf5+ 39.
Kg2 Nc3 40. Qa8 Qe4+ 41. Qxe4+ Nxe4 42. Kf3 f5 43. Bb4 Kg8 44. Ke3 Kf7 45. h4
Kg6 46. f3 $2 Nxg3 47. Kd4 Kh5 48. Kc5 Ne2 49. Kb5 Nd4+ 50. Kxa4 Nxf3 51. Bf8
Kg6 52. h5+ Kf7 53. Bd6 f4 54. Kb4 Ng5 55. Kc3 f3 56. Kd3 g6 57. Ke3 gxh5 58.
Bc5 Kg6 59. Kd3 Kf5 0-1

[Event "Veteranos Aragón. Máster 50"]
[Site "?"]
[Date "2019.??.??"]
[Round "?"]
[White "GARCÍA, Mauricio"]
[Black "CORCUERA, Alfredo"]
[Result "1-0"]
[WhiteElo "1490"]
[BlackElo "1045"]
[PlyCount "163"]
[EventDate "2019.04.28"]

1. Nf3 d5 2. d4 Bf5 3. c4 e6 4. Nc3 Bb4 5. Qb3 Bxc3+ 6. bxc3 b6 7. e3 Ne7 8.
Ba3 c6 9. Be2 O-O 10. O-O Nd7 11. cxd5 exd5 12. Rac1 b5 13. Qb4 Re8 14. Qd6 Nf6
15. Ne5 Qxd6 16. Bxd6 Rac8 17. a4 a6 18. Ra1 Ne4 19. Bb4 f6 20. Nd3 Ra8 21. a5
Rab8 22. Rfd1 Ng5 23. Nc5 Ra8 24. Re1 Ra7 25. Rad1 Ne6 $2 26. Nd3 Rc8 27. Bf3
Bg6 28. Nf4 Ng5 29. Be2 Bf7 30. Bg4 Re8 31. h4 f5 32. Bxe7 Raxe7 33. Bxf5 Ne6
34. Nd3 Nd8 35. Nb4 Ra7 36. Ra1 Be6 37. Bd3 Bc8 38. e4 Rae7 39. e5 Bb7 40. f4
g6 41. Bc2 Bc8 42. Rf1 Rf8 43. g3 Kg7 44. Rae1 Rc7 45. Re3 c5 46. Nxd5 cxd4 47.
Rd3 Rc4 $2 48. Rxd4 Rxd4 49. cxd4 Nc6 50. Rd1 Nxa5 51. Nb6 Bb7 52. d5 Nc4 53.
Nxc4 bxc4 54. d6 Bc6 55. Rd4 Bb5 56. e6 Kf6 57. e7 Re8 58. d7 Bxd7 59. Rxd7
Rxe7 60. Rd6+ Re6 61. Rxe6+ Kxe6 62. Kf2 Kd5 63. Ke3 a5 64. g4 Kc5 65. f5 gxf5
66. gxf5 Kd6 67. Kd4 c3 68. Kxc3 Ke5 69. Kc4 a4 70. Kb4 a3 71. Kxa3 Kf6 72. Kb4
Ke5 73. Kc5 h5 74. Bd3 Kf6 75. Kd6 Kf7 76. Ke5 Ke7 77. f6+ Kf7 78. Bc4+ Kf8 79.
Kd6 Ke8 80. f7+ Kf8 81. Kd7 Kg7 82. Ke7 1-0

[Event "Veteranos Aragón. Máster 50"]
[Site "?"]
[Date "2019.??.??"]
[Round "?"]
[White "JUBERÍAS, Santiago"]
[Black "LLANES, Ricardo"]
[Result "0-1"]
[WhiteElo "2009"]
[BlackElo "2201"]
[PlyCount "66"]
[EventDate "2019.04.28"]

1. c4 e6 2. g3 Nf6 3. Bg2 d5 4. Nf3 Be7 5. O-O O-O 6. d4 dxc4 7. Na3 Bxa3 8.
bxa3 Nc6 9. Bb2 Ne4 10. Ne5 c3 11. Nxc6 bxc6 12. Bxe4 cxb2 13. Rb1 Rb8 14. Qd3
f5 15. Bf3 c5 16. Rfd1 cxd4 17. e3 e5 18. exd4 e4 19. Qc4+ Kh8 20. Bg2 Rf6 21.
Qc3 Rfb6 22. Rd2 Qd5 23. Rbxb2 Be6 24. Bf1 h6 25. Rxb6 cxb6 26. Ba6 Rd8 27. Qb4
Kh7 28. Bb5 Rc8 29. Qb2 e3 30. fxe3 Qf3 31. Bf1 Qxe3+ 32. Kg2 $4 Bd5+ 33. Kh3
Qf3 0-1

[Event "Veteranos Aragón. Máster 50"]
[Site "?"]
[Date "2019.??.??"]
[Round "?"]
[White "ANTOÑANO, Avelino"]
[Black "LEBRÓN, José María"]
[Result "1-0"]
[WhiteElo "2133"]
[BlackElo "1784"]
[PlyCount "81"]
[EventDate "2019.04.28"]

1. e4 e5 2. Nf3 Nc6 3. d4 exd4 4. Bc4 Nf6 5. e5 d5 6. Bb5 Ne4 7. Nxd4 Bd7 8.
Bxc6 bxc6 9. O-O Bc5 10. f3 Ng5 11. f4 Ne6 12. c3 f5 13. Be3 Bxd4 14. cxd4 O-O
15. Nc3 Qe7 16. Rc1 Rab8 17. b3 g5 18. Na4 g4 19. Nc5 Be8 20. Qe1 Nxc5 21. Rxc5
Rb5 22. Rc3 Kh8 23. Bf2 Qf7 24. Bh4 Qg6 25. h3 h5 26. hxg4 hxg4 27. Bf6+ Kg8
28. Qh4 Kf7 29. e6+ Kxe6 30. Re1+ Kd7 31. Re7+ Kc8 32. Be5 Rb7 33. Rg7 Qe6 34.
Re7 Qg6 35. b4 Bd7 36. a3 Re8 37. Rg7 Qe6 38. Qh7 a5 39. Rc5 axb4 $2 40. Ra5
Rb8 41. Ra7 1-0